| 000 | 00336nam a2200133Ia 4500 | ||
|---|---|---|---|
| 005 | 20260328104341.0 | ||
| 008 | 260328s9999||||xx |||||||||||||| ||und|| | ||
| 100 | _aMartín, Manuel | ||
| 245 | 0 |
_aVisiones del Hábitat En América Latina / _cManuel Martín |
|
| 260 | _bReverté | ||
| 300 | _a231 p. | ||
| 650 | _aTEORÍA | ||
| 942 | _cBK | ||
| 999 |
_c12095 _d12095 |
||